Autoridad social en Chile: un aporte al debate /

Guardado en:
Bibliografiske detaljer
Hovedforfatter: Molina, Sergio
Format: Texto
Serier:SERIE POLITICAS SOCIALES/CEPAL
Fag:
Tags: Tilføj Tag
Ingen Tags, Vær først til at tagge denne postø!

MARC

LEADER 00000 a a2200000 04500
001 48437
003
040
090 |a REV1291 (71) 2003  
100 |a Molina, Sergio  
245 |a Autoridad social en Chile:   |b un aporte al debate /  |c Sergio Molina  
440 |a SERIE POLITICAS SOCIALES/CEPAL  
650 |a POLITICA SOCIAL  
650 |a ADMINISTRACION PUBLICA  
650 |a REFORMA POLITICA  
650 |a MARCO INSTITUCIONAL  
773 |g número71, (2003)  
999 |c 37778  |d 37778